Top 10 Bundesliga Clubs by Points of the Decade (2010s) - Statistics

General Stats
  • This quiz has been taken 317 times
  • The average score is 9 of 10
Answer Stats
Rank Club Points % Correct
1st Bayern Munich 800
100%
2nd Borussia Dortmund 669
100%
4th FC Schalke 04 523
93%
3rd Bayer 04 Leverkusen 575
90%
6th VfL Wolfsburg 474
86%
5th Borussia Mönchengladbach 519
85%
9th SV Werder Bremen 424
83%
10th Eintracht Frankfurt 385
78%
7th TSG 1899 Hoffenheim 452
72%
8th 1. FSV Mainz 05 439
64%
No matching quizzes found
Score Distribution
Percent of People with Each Score
Percentile by Number Answered
Your Score History
You have not taken this quiz